000
00277nam a22001097a 4500
008
240715b |||||||| |||| 00| 0 eng d
100
_a
Jotwani, Motilal
_9
17071
245
_a
Shah Latif Ka Kavya
260
_a
New Delhi:
_b
Sahitya Academy;
_c
1969.
300
_a
248p.
942
_c
BK
999
_c
40402
_d
40402